| 000 | 00455nam a2200133Ia 4500 | ||
|---|---|---|---|
| 008 | 260210s9999 xx 000 0 und d | ||
| 024 | _a12B-15-BS,12B-25-BS & 12B-35-BS | ||
| 082 | _a621.38072 ANE | ||
| 100 | _aAneeque Samad Khan, Muhammad Maaz & Fizzah Farooqi | ||
| 245 | 0 | _aEnterprise Planning for Weaving Industry (code book) | |
| 260 |
_aKarachi: _bUITU, _c2012 |
||
| 600 | _aComputer Science | ||
| 650 | _aBachelor of Computer Science (BS) | ||
| 999 |
_c32396 _d32396 |
||